00853cam a22002411a 4500001001300000003000400013005001700017008004100034010001700075035002000092040003900112042001200151050001700163100003800180245004300218260016200261300002100423490004000444500003300484650004200517650003500559999001700594ne 66002021 DLC20260227111827.0900920s1958 ua f000 0 ararc ane 66002021  a(OCoLC)22409902 aPrinceton Univ. Libr.cMUdMUdDLC apremarc00aPJ7541b.M371 aMandūr, Muḥammad,d1907-1965.10aFann al-shiʻr /cMuḥammad Mandūr. aal-Qāhirah :bWizārat al-Thaqāfah wa-al-Irshād al-Qawmī, al-Iqlīm al-Janūbī, al-Idārah al-ʻĀmmah al-Thaqāfah :bDar al Qalam,c[1958?] a153 p. ;c16 cm.0 aal-Maktabah al-thaqāfīyah ;v12 aRomanized record; in Arabic. 0aArabic poetryxHistory and criticism. 0aPoetryxHistory and criticism. c49252d49252